[Event "Arad Open 2013"]
[Site "Arad ROU"]
[Date "2013.08.04"]
[Round "3.13"]
[White "Vasile,Cl"]
[Black "Georgescu,T"]
[Result "0-1"]
[WhiteElo "2171"]
[BlackElo "2419"]

1.e4 e5 2.Nf3 Nc6 3.Bb5 a6 4.Ba4 Nf6 5.O-O Be7 6.Re1 b5 7.Bb3 d6 8.c3 O-O
9.h3 Nb8 10.d4 Nbd7 11.Nbd2 Bb7 12.Bc2 Re8 13.Nf1 Bf8 14.Ng3 g6 15.a4 Bg7
16.Bg5 h6 17.Bd2 c6 18.Be3 Qc7 19.Qd2 Kh7 20.Rad1 Rad8 21.dxe5 Nxe5 22.Nxe5 dxe5
23.Qe2 Nd7 24.Bb3 Nf8 25.Qf3 Rxd1 26.Rxd1 Ne6 27.h4 h5 28.Bg5 Bc8 29.Bxe6 Bxe6
30.Qd3 f6 31.Be3 Bf8 32.axb5 cxb5 33.Bc1 Qf7 34.Qe3 Bb3 35.Rd3 Bc4 36.Rd1 Kg8
37.Qb6 Qe6 38.Qc7 Re7 39.Qb8 Re8 40.Qc7 Qc8 41.Qb6 Re6 42.Qd8 Qxd8 43.Rxd8 Rd6
44.Rxd6 Bxd6 45.Nf1 Kf7 46.Be3 Ke6 47.Nd2 Bd3 48.f3 Bc2 49.Ba7 f5 50.exf5+ gxf5
51.Nf1 Be7 52.Bf2 Bd3 53.Ne3 f4 54.Nf1 Kd5 55.Nd2 a5 56.g3 a4 57.Kg2 a3 58.bxa3 Bxa3
59.Be1 Bc2 60.gxf4 exf4 61.Nf1 Kc4 62.Bd2 Bd6 63.Kf2 Kd3 64.Ke1 Be5 65.Kf2 Bd1
66.Kg2 Be2  0-1

[Event "FSGM August 2013"]
[Site "Budapest HUN"]
[Date "2013.08.04"]
[Round "2.1"]
[White "Tesik,C"]
[Black "Santarius,E"]
[Result "1-0"]
[WhiteElo "2353"]
[BlackElo "2263"]

1.e4 e5 2.Nf3 Nc6 3.Bb5 a6 4.Ba4 Nf6 5.O-O Be7 6.Re1 b5 7.Bb3 d6 8.c3 O-O
9.h3 Nb8 10.d4 Nbd7 11.Bg5 Bb7 12.Nbd2 c5 13.Bc2 cxd4 14.cxd4 h6 15.Be3 Re8
16.d5 Nb6 17.b3 Nfd7 18.a4 f5 19.a5 fxe4 20.axb6 exf3 21.Qxf3 Bg5 22.Bxg5 Qxg5
23.Bf5 Nxb6 24.Ne4 Qe7 25.Be6+ Kh8 26.Rad1 Bc8 27.Qc3 Bxe6 28.dxe6 Rac8 29.Qa5 Rc6
30.Qxa6 Qxe6 31.Qxb5 Rec8 32.Nc3 Rxc3 33.Qxb6 R8c6 34.Qb8+ Qg8 35.Qb7 Qxb3
36.Qd7 Qb8 37.Re3 Rxe3 38.Qxc6 Rd3 39.Ra1 Qb3 40.Ra8+ Kh7 41.Qe4+ g6 42.Ra7+ Kh8
43.Qa8+ Qg8 44.Qb7 Rd1+ 45.Kh2 Rd2  1-0

[Event "10th Malaysian Open"]
[Site "Kuala Lumpur MAS"]
[Date "2013.08.12"]
[Round "4.1"]
[White "Ma Qun"]
[Black "Vaibhav,S"]
[Result "1/2-1/2"]
[WhiteElo "2600"]
[BlackElo "2526"]

1.e4 e5 2.Nf3 Nc6 3.Bb5 a6 4.Ba4 Nf6 5.O-O Be7 6.Re1 b5 7.Bb3 d6 8.c3 O-O
9.h3 Nb8 10.d4 Nbd7 11.Nbd2 Bb7 12.Bc2 Re8 13.Nf1 Bf8 14.Ng3 g6 15.b3 d5
16.dxe5 dxe4 17.Nxe4 Nxe4 18.Bxe4 Bxe4 19.Rxe4 Nxe5 20.Bf4 Nxf3+ 21.Qxf3 Bg7
22.Rxe8+ Qxe8 23.Bxc7 b4 24.Ba5 Bxc3 25.Rd1 Rb8 26.g3 Qe6 27.Kg2 Rb5 28.Bc7 Kg7
29.Bf4 Ra5 30.Bd2  1/2-1/2

[Event "28th Metropolitan GM"]
[Site "Los Angeles USA"]
[Date "2013.08.17"]
[Round "7"]
[White "Sevillano,E"]
[Black "Khachiyan,M"]
[Result "1/2-1/2"]
[WhiteElo "2484"]
[BlackElo "2508"]

1.e4 e5 2.Nf3 Nc6 3.Bb5 a6 4.Ba4 Nf6 5.O-O Be7 6.Re1 b5 7.Bb3 d6 8.c3 O-O
9.h3 Nb8 10.d4 Nbd7 11.Nbd2 Bb7 12.Bc2 c6 13.Nf1 Qc7 14.Ng3 Rfe8 15.Be3 Bf8
16.Rc1 g6 17.Bb1 c5 18.Qd2 Bg7 19.dxe5 Nxe5 20.Nxe5 dxe5  1/2-1/2

[Event "Brasschaat Open 2013"]
[Site "Brasschaat BEL"]
[Date "2013.08.23"]
[Round "7.1"]
[White "Dgebuadze,A"]
[Black "Zhao Xue"]
[Result "1/2-1/2"]
[WhiteElo "2515"]
[BlackElo "2562"]

1.e4 e5 2.Nf3 Nc6 3.Bb5 a6 4.Ba4 Nf6 5.O-O Be7 6.Re1 b5 7.Bb3 O-O 8.h3 d6
9.c3 Nb8 10.d3 Nbd7 11.Nbd2 c6 12.Nf1  1/2-1/2

[Event "15th Sants Open 2013"]
[Site "Barcelona ESP"]
[Date "2013.08.27"]
[Round "5.9"]
[White "Huerga Leache,M"]
[Black "Adhiban,Baskaran"]
[Result "1/2-1/2"]
[WhiteElo "2433"]
[BlackElo "2567"]

1.e4 e5 2.Nf3 Nc6 3.Bb5 a6 4.Ba4 Nf6 5.O-O Be7 6.Re1 b5 7.Bb3 d6 8.c3 O-O
9.h3 Nb8 10.d4 Nbd7 11.Nbd2 Bb7 12.Bc2 Re8 13.Nf1 Bf8 14.Ng3 g6 15.a4 Bg7
16.d5 Qb8 17.axb5 axb5 18.Bg5 Rxa1 19.Qxa1 c6 20.dxc6 Bxc6 21.Qa2 Qb7 22.Bxf6 Nxf6
23.Ra1 Bh6 24.Qa7 Ra8 25.Qxa8+ Qxa8 26.Rxa8+ Bxa8 27.Bd3 Bc6 28.Nh2 Bc1 29.b3 h5
30.f3 Be3+ 31.Kf1 Bf4 32.Kf2 d5 33.exd5 Nxd5 34.c4 bxc4 35.Bxc4 Be3+ 36.Ke1 Bg1
37.Nhf1 Nf4 38.Nd2 Nxg2+ 39.Kf1 Be3 40.Bxf7+ Kxf7 41.Nc4 Ke6 42.Kxg2 Bg5
43.Ne4 Be7 44.Ne3 Bb5 45.Nc4 Ba6 46.Ne3 Be2 47.Nc3 Bd3 48.Ne4 Ba6 49.Kg3 Bb7
50.Kg2 Bc6 51.Kg3 Bb4 52.Ng5+ Kf6 53.Ne4+ Ke7 54.Kf2 Ke6 55.Kg2 Be7 56.Kg3 Bb5
57.Kf2 Bd3 58.Kg2 Bb5 59.Kf2 g5 60.Ng3 Be8 61.Ne4 Bc6 62.Ng3 Be8 63.Ne4 Bg6
64.Kg3 Bh7 65.Kg2 Bg6  1/2-1/2

[Event "2nd Paleros Open"]
[Site "Paleros GRE"]
[Date "2013.08.29"]
[Round "7.3"]
[White "Roinos,Ilias"]
[Black "Dorfanis,I"]
[Result "1/2-1/2"]
[WhiteElo "1957"]
[BlackElo "2164"]

1.e4 e5 2.Nf3 Nc6 3.Bb5 a6 4.Ba4 Nf6 5.O-O Be7 6.Re1 b5 7.Bb3 O-O 8.c3 d6
9.h3 Nb8 10.d4 Nbd7 11.Nbd2 Bb7 12.a4 c5 13.Bc2 Re8 14.Nf1 Bf8 15.Ng3 g6
16.d5 c4 17.Be3 Qc7 18.Nh2 Bg7 19.Ng4 Rf8 20.Qf3 Nxg4 21.hxg4 Nc5 22.Ne2 Nxa4
23.Bxa4 bxa4 24.Rxa4 a5 25.Ng3 Ba6 26.Nf1 Bb5 27.Raa1 a4 28.Nd2 Bd7 29.Qe2 Rac8
30.g3 Qb8 31.Rab1 Qb5 32.Kg2 f5 33.gxf5 gxf5 34.f4 Be8 35.Rh1 Qd7  1/2-1/2

[Event "21st Honor to National Resistance"]
[Site "Nikaia GRE"]
[Date "2013.08.30"]
[Round "5.2"]
[White "Goumas,G"]
[Black "Kapnisis,S"]
[Result "1/2-1/2"]
[WhiteElo "2380"]
[BlackElo "2463"]

1.e4 e5 2.Nf3 Nc6 3.Bb5 a6 4.Ba4 Nf6 5.O-O Be7 6.Re1 b5 7.Bb3 d6 8.c3 O-O
9.h3 Nb8 10.d4 Nbd7 11.Nbd2 Bb7 12.Bc2 Re8 13.b3 c6 14.Nf1 Bf8 15.Ng3 g6
16.Bg5 Bg7 17.Qd2 Qe7 18.h4 Qf8 19.dxe5 Nxe5 20.Nxe5 dxe5 21.h5 Rad8 22.Qe2 Bc8
23.Rad1 Rxd1 24.Rxd1 Qc5 25.Qe3 Qxe3  1/2-1/2

[Event "10th LGA Premium Cup GpA"]
[Site "Nuernberg GER"]
[Date "2013.09.07"]
[Round "4.1"]
[White "Sanikidze,T"]
[Black "Baramidze,D"]
[Result "1/2-1/2"]
[WhiteElo "2555"]
[BlackElo "2608"]

1.e4 e5 2.Nf3 Nc6 3.Bb5 a6 4.Ba4 Nf6 5.O-O Be7 6.Re1 b5 7.Bb3 d6 8.c3 O-O
9.h3 Nb8 10.d4 Nbd7 11.Nbd2 Bb7 12.Bc2 Re8 13.Nf1 Bf8 14.Ng3 g6 15.a4 c5
16.d5 c4 17.Bg5 h6 18.Be3 Nc5 19.Qd2 h5 20.Bg5 Be7 21.Ra3 Nfd7 22.Be3 Qc7
23.Rea1 Nb6 24.axb5 axb5 25.Rxa8 Rxa8 26.Rxa8+ Nxa8 27.Bxc5 Qxc5 28.Qh6 Nc7
29.Ng5 Bxg5 30.Qxg5 Kf8 31.Bd1 Ne8 32.Bxh5 gxh5 33.Nf5 Qc7 34.Qxh5 Kg8 35.Qg5+ Kf8
36.Qh6+ Kg8 37.Qg5+  1/2-1/2

[Event "10th LGA Premium Cup GpC"]
[Site "Nuernberg GER"]
[Date "2013.09.08"]
[Round "6.1"]
[White "Osmanodja,F"]
[Black "Klek,H"]
[Result "0-1"]
[WhiteElo "2275"]
[BlackElo "2275"]

1.e4 e5 2.Nf3 Nc6 3.Bb5 a6 4.Ba4 Nf6 5.O-O Be7 6.Re1 b5 7.Bb3 d6 8.c3 O-O
9.h3 Nb8 10.d4 Nbd7 11.Nbd2 Bb7 12.Bc2 Re8 13.Nf1 Bf8 14.Ng3 g6 15.a4 c5
16.d5 c4 17.Bg5 Be7 18.Be3 Qc7 19.Nd2 Bf8 20.Ne2 Nc5 21.Rf1 Bg7 22.Qe1 Nfd7
23.f3 Nb6 24.a5 Nbd7 25.g4 Rf8 26.h4 Qd8 27.Kg2 Bf6 28.Rh1 Be7 29.Qg3 f6
30.Qh3 Rf7 31.Rhg1 Bc8 32.Kh1 Nb7 33.b4 cxb3 34.Nxb3 Nbc5 35.Nd2 Qc7 36.Rgc1 Nb7
37.Nb3 Ndc5 38.Nxc5 dxc5 39.f4 exf4 40.Nxf4 Nxa5 41.Rf1 Nc4 42.Nd3 Bxg4 43.Qxg4 Nxe3
44.Qe2 Qg3 45.Rf3 Qxh4+ 46.Kg1 Nxc2 47.Qxc2 Qxe4  0-1

[Event "Pankrac Cup 2013"]
[Site "Prague CZE"]
[Date "2013.09.11"]
[Round "1"]
[White "Kratochvil,Ja"]
[Black "Kovar,V"]
[Result "1/2-1/2"]
[WhiteElo "2141"]
[BlackElo "2312"]

1.e4 e5 2.Nf3 Nc6 3.Bb5 a6 4.Ba4 Nf6 5.O-O Be7 6.Re1 b5 7.Bb3 d6 8.c3 O-O
9.h3 Nb8 10.d4 Nbd7 11.Nbd2 Bb7 12.Bc2 Re8 13.Nf1 Bf8 14.Ng3 g6 15.a4 c5
16.b3 cxd4 17.cxd4 exd4 18.Nxd4 Nc5 19.axb5 axb5 20.Rxa8 Bxa8 21.Bg5 b4 22.Qd2 h6
23.Bxf6 Qxf6 24.Qxb4 d5 25.Qb5 Qe5 26.Nf3 Qb8 27.Qxb8 Rxb8 28.exd5 Bxd5 29.Nd4 Rb4
30.Nge2 Bg7 31.Rd1 h5 32.Nf5 Be4 33.Bxe4 Nxe4 34.Nxg7 Kxg7 35.Rd4 Rxd4 36.Nxd4 Kf6
37.Kf1 Ke5 38.Nf3+ Kd5 39.Ke2 Nc5 40.Nd2 Kd4 41.b4 Ne6 42.b5 Kc5 43.Ne4+ Kxb5
44.Nd6+ Kc5 45.Nxf7 Kd5 46.Ke3 Nf8 47.Ng5 Ke5 48.Nf3+ Kf5 49.Nd4+ Ke5 50.f4+ Kd5
51.Nf3 Ke6 52.Ke4 Nd7 53.Nd4+ Kf6 54.g4 hxg4 55.hxg4 g5 56.fxg5+ Kxg5  1/2-1/2

[Event "TCh-CRO 2a Liga 2013"]
[Site "Bol CRO"]
[Date "2013.09.21"]
[Round "8.1"]
[White "Stojkovic,A"]
[Black "Ivic,Mat"]
[Result "0-1"]
[WhiteElo "2034"]
[BlackElo "2298"]

1.e4 e5 2.Nf3 Nc6 3.Bb5 a6 4.Ba4 Nf6 5.O-O b5 6.Bb3 Be7 7.Re1 d6 8.c3 O-O
9.h3 Nb8 10.d3 c5 11.Nbd2 Bb7 12.Nf1 Nbd7 13.Bc2 Re8 14.Ng3 g6 15.Nh2 d5
16.f4 dxe4 17.dxe4 c4 18.f5 Nc5 19.fxg6 hxg6 20.Qe2 Nd3 21.Rf1 Qb6+ 22.Kh1 Rad8
23.Nf3 Nf4 24.Qe1 Bc5 25.Kh2 Kg7 26.Nxe5 Nxg2 27.Kxg2 Rxe5 28.Bf4 Re6 29.Qe2 Rde8
30.Kh2 Nxe4 31.Bxe4 Bxe4 32.Qg4 Bd3 33.Bh6+ Kxh6 34.Rxf7 Re2+ 35.Nxe2 Rxe2+
36.Kh1 Be4+  0-1

[Event "Oslo Int Open 2013"]
[Site "Oslo NOR"]
[Date "2013.09.29"]
[Round "8"]
[White "Strand,H"]
[Black "Koskela,N"]
[Result "1/2-1/2"]
[WhiteElo "2151"]
[BlackElo "2220"]

1.e4 e5 2.Nf3 Nc6 3.Bb5 a6 4.Ba4 Nf6 5.O-O Be7 6.Re1 b5 7.Bb3 d6 8.c3 O-O
9.h3 Nb8 10.d4 Nbd7 11.Nbd2 Re8 12.Ng5 Rf8 13.Ngf3 c5 14.Nf1 Re8 15.Ng3 Bf8
16.Bg5 h6 17.Bd2 Bb7 18.d5 c4 19.Bc2 g6 20.a4 Rb8 21.axb5 axb5 22.Qe2 Nc5
23.Be3 Nh7 24.Qd2 h5 25.Ng5 Nxg5 26.Bxg5 Be7 27.Be3 Bf6 28.Reb1 Bc8 29.Bxc5 dxc5
30.b3 Bg5 31.Qe1 cxb3 32.Rxb3 c4 33.Rb2 Bd7 34.Ne2 Ra8 35.Rba2 Rxa2 36.Rxa2 Qb6
37.Qb1 Be7 38.Qf1 Bc5 39.g3 Kg7 40.Kg2 Qb7 41.Ng1 Ra8 42.Qa1 Rxa2 43.Qxa2 Qb6
44.Bd1 Qa7 45.Qxa7 Bxa7 46.Ne2 Bc5 47.f4 f6 48.Bc2 b4 49.cxb4 Bxb4 50.f5 g5
51.Nc1 Bd2 52.Na2 Kf8 53.Kf2 Ke7 54.Bd1 h4 55.gxh4 gxh4 56.Ke2 Ba5 57.Kf3 Kd6
58.Kg4 Bd2 59.Kxh4 Kc5 60.Kg4 c3 61.h4 Bb5 62.h5 c2 63.Bxc2 Be2+ 64.Kh4 Bg5+
65.Kg3 Bxh5 66.Nc3 Bd2 67.Nd1 Kd4 68.Nf2 Be1 69.Kg2 Ke3 70.d6 Bf3+ 71.Kf1 Ba5
72.d7 Kd2 73.Bb3 Kc3 74.Bd1 Bxd1 75.Nxd1+ Kd4 76.Nf2 Kc5 77.Nd3+ Kd6 78.Ke2 Kxd7
79.Kf3 Kc6 80.Kg4 Kb5 81.Kh5 Kc4 82.Nf2 Kd4 83.Kg6 Be1 84.Ng4 Kxe4 85.Nxf6+ Kd4
86.Ng4 e4 87.f6 e3  1/2-1/2

[Event "23rd EYCC Girls U18 2013"]
[Site "Budva MNE"]
[Date "2013.09.30"]
[Round "2.7"]
[White "Wisniowska,K"]
[Black "Khafizova,Y"]
[Result "1-0"]
[WhiteElo "2145"]
[BlackElo "1955"]

1.e4 e5 2.Nf3 Nc6 3.Bb5 a6 4.Ba4 Nf6 5.O-O b5 6.Bb3 Be7 7.Re1 d6 8.c3 O-O
9.h3 Nb8 10.d4 Nbd7 11.Nbd2 Bb7 12.Bc2 Re8 13.Nf1 Bf8 14.Ng3 g6 15.a4 Bg7
16.d5 Qb8 17.b3 c6 18.c4 bxc4 19.bxc4 Qc7 20.Be3 Rac8 21.Rc1 Red8 22.Qd2 Bf8
23.Nh4 Nc5 24.Bg5 Bg7 25.Qe3 Re8 26.Bh6 Bh8 27.Nhf5 Rb8 28.Red1 cxd5 29.exd5 Qd7
30.a5 Qd8 31.Rb1 Qc7 32.Re1 Bc8 33.Rxb8 Qxb8 34.Rb1 Qc7 35.Rb6 Nb7 36.Ba4 Bd7
37.Bxd7 Nxd7 38.Rxa6 Bf6 39.Rc6 Qxa5 40.Nxd6 Rd8 41.Qb3 Nxd6 42.Rxd6  1-0

[Event "Oslo Int Open 2013"]
[Site "Oslo NOR"]
[Date "2013.09.30"]
[Round "2"]
[White "Adhiban,Baskaran"]
[Black "Koskela,N"]
[Result "1-0"]
[WhiteElo "2567"]
[BlackElo "2220"]

1.e4 e5 2.Nf3 Nc6 3.Bb5 a6 4.Ba4 Nf6 5.O-O Be7 6.Re1 b5 7.Bb3 d6 8.c3 O-O
9.h3 Nb8 10.d4 Nbd7 11.Nbd2 Bb7 12.Bc2 Re8 13.Nf1 Bf8 14.Ng3 g6 15.Bg5 h6
16.Bd2 c5 17.Qc1 h5 18.Bg5 Be7 19.Qd2 Nh7 20.Bh6 Bf8 21.Rad1 cxd4 22.cxd4 Qf6
23.Be3 exd4 24.Bxd4 Ne5 25.Nh2 Qh4 26.b3 Rac8 27.Bb1 Ng5 28.Be3 Nh7 29.Ne2 Nd7
30.Nf3 Qe7 31.Nc3 Ndf6 32.Bd4 Ba8 33.Ng5 Nxg5 34.Qxg5 Nd5 35.Qg3 Nxc3 36.Bxc3 h4
37.Qe3 Bh6 38.Qxh6 Rxc3 39.e5 dxe5 40.Bxg6 fxg6 41.Qxg6+ Kh8 42.Rd6 Bf3 43.Qh6+ Qh7
44.Qg5 Rc6 45.Qf6+ Qg7 46.Qxf3 Rxd6 47.Qh5+  1-0

[Event "23rd EYCC Open U18 2013"]
[Site "Budva MNE"]
[Date "2013.10.02"]
[Round "4.3"]
[White "Nasuta,G"]
[Black "Pardo Simon,D"]
[Result "0-1"]
[WhiteElo "2343"]
[BlackElo "2447"]

1.e4 e5 2.Nf3 Nc6 3.Bb5 a6 4.Ba4 Nf6 5.O-O Be7 6.Re1 b5 7.Bb3 d6 8.c3 O-O
9.h3 Nb8 10.d4 Nbd7 11.Nbd2 Bb7 12.Bc2 Re8 13.Nf1 Bf8 14.Ng3 g6 15.b3 d5
16.dxe5 dxe4 17.Nxe4 Nxe4 18.Bxe4 Bxe4 19.Rxe4 Nxe5 20.Rd4 Nxf3+ 21.Qxf3 Re1+
22.Kh2 Qe8 23.Rd1 Rxd1 24.Qxd1 Qe5+ 25.g3 Qxc3 26.Be3 Qf6 27.Rc1 c5 28.Qg4 Re8
29.Rc2 h5 30.Qd7 Rd8 31.Qb7 h4 32.Kg2 Qe6 33.Rd2 Rxd2 34.Bxd2 hxg3 35.Kxg3 Bg7  0-1

[Event "23rd EYCC Open U16 2013"]
[Site "Budva MNE"]
[Date "2013.10.03"]
[Round "5.8"]
[White "Salomon,J"]
[Black "Lamard,G"]
[Result "0-1"]
[WhiteElo "2234"]
[BlackElo "2305"]

1.e4 e5 2.Nf3 Nc6 3.Bb5 a6 4.Ba4 Nf6 5.O-O Be7 6.Re1 b5 7.Bb3 d6 8.c3 O-O
9.h3 Nb8 10.d4 Nbd7 11.Nbd2 Bb7 12.Bc2 Re8 13.a4 Bf8 14.Bd3 c6 15.b3 g6 16.Bb2 Bg7
17.Qc2 Qc7 18.c4 bxc4 19.Nxc4 exd4 20.Bxd4 c5 21.Bb2 d5 22.exd5 Bxd5 23.Nfe5 Rab8
24.Nxd7 Nxd7 25.Rxe8+ Rxe8 26.Bxg7 Kxg7 27.Qc3+ f6 28.Ne3 Rxe3 29.fxe3 Qg3
30.Qc2 Ne5 31.Bxa6 Nf3+ 32.Kf1 Qh2 33.Rc1 Qg1+ 34.Ke2 Qxg2+ 35.Kd3 Ne1+  0-1

[Event "4th Continental Class 2013"]
[Site "Arlington USA"]
[Date "2013.10.10"]
[Round "2.6"]
[White "Chandra,Akshat"]
[Black "Sarkar,J"]
[Result "1-0"]
[WhiteElo "2318"]
[BlackElo "2455"]

1.e4 e5 2.Nf3 Nc6 3.Bb5 a6 4.Ba4 Nf6 5.O-O Be7 6.Re1 b5 7.Bb3 d6 8.c3 O-O
9.h3 Nb8 10.d4 Nbd7 11.Nbd2 Bb7 12.Bc2 Re8 13.Nf1 Bf8 14.Ng3 g6 15.b3 Bg7
16.d5 Rc8 17.c4 c6 18.Be3 Nb6 19.Rb1 Nfd7 20.Qe2 cxd5 21.cxd5 f5 22.Bxb6 Nxb6
23.Red1 f4 24.Nf1 Bf6 25.Bd3 Nd7 26.b4 Nb6 27.Bc2 Rc3 28.Rd3 Qc7 29.Rxc3 Qxc3
30.Qd2 Rc8 31.Bb3 Kg7 32.Qxc3 Rxc3 33.N1d2 g5 34.Kf1 h5 35.Ke2 g4 36.hxg4 hxg4
37.Ne1 Na4 38.Nd3 Rc8 39.Bxa4 bxa4 40.Rc1 Rxc1 41.Nxc1 Bd8 42.Nc4 Bc7 43.Nb2 a3
44.Nc4 Bc8 45.Nxa3 Bd7 46.Nb3 Kf7 47.Nd2 Ke7 48.Nac4  1-0

[Event "13th Sautron Open 2013"]
[Site "Sautron FRA"]
[Date "2013.10.28"]
[Round "3.8"]
[White "Riff,JN"]
[Black "Le Goff,R"]
[Result "1-0"]
[WhiteElo "2445"]
[BlackElo "2179"]

1.e4 e5 2.Nf3 Nc6 3.Bb5 a6 4.Ba4 Nf6 5.O-O Be7 6.Re1 b5 7.Bb3 O-O 8.h3 d6
9.c3 Nb8 10.d4 Nbd7 11.Nbd2 Bb7 12.Bc2 Re8 13.a4 Bf8 14.Bd3 c6 15.b3 Qc7
16.Bb2 Rad8 17.Qc2 g6 18.c4 bxa4 19.Rxa4 c5 20.dxe5 dxe5 21.Nb1 Nb6 22.Ra1 Nh5
23.Nc3 Nf4 24.Bf1 Bg7 25.Nd5 Nbxd5 26.cxd5 Qd6 27.Ra5 Rc8 28.Rea1 Qf6 29.Qd1 Qb6
30.Bxa6 Bxa6 31.Rxa6 Qb5 32.R6a5 Qd3 33.Qxd3 Nxd3 34.Bc3 c4 35.b4 Bf8 36.Rb1 Rb8
37.b5 Bc5 38.Ra2 f6 39.Kf1 Re7 40.Ne1 Nxe1 41.Kxe1 Reb7 42.Ra4 Rxb5 43.Rxb5 Rxb5
44.Rxc4 Kf7 45.Ke2 Ke8 46.f4 Bd6 47.fxe5 fxe5 48.Rc8+ Kf7 49.Rh8 h5 50.Rh7+ Kf8
51.Rd7 Bb8 52.Kd3 Rb6 53.Kc4 Ke8 54.Rh7 Bd6 55.Rg7 Bf8 56.Rc7 Rb1 57.Bxe5 Rc1+
58.Kd3  1-0

[Event "TCh-FIN SM 2013-14"]
[Site "Sastamala FIN"]
[Date "2013.11.03"]
[Round "6.2"]
[White "Kolosowski,M"]
[Black "Martynov,P1"]
[Result "0-1"]
[WhiteElo "2423"]
[BlackElo "2411"]

1.e4 e5 2.Nf3 Nc6 3.Bb5 a6 4.Ba4 Nf6 5.O-O Be7 6.Re1 b5 7.Bb3 d6 8.c3 O-O
9.h3 Nb8 10.d4 Nbd7 11.Nbd2 Bb7 12.Bc2 Re8 13.b3 Bf8 14.d5 c6 15.c4 b4 16.Nf1 c5
17.N1h2 g6 18.Be3 h6 19.Qd2 Kh7 20.h4 Bg7 21.g3 a5 22.a3 Nb6 23.axb4 axb4
24.Rxa8 Qxa8 25.Qd3 Bc8 26.Nd2 Ng4 27.Nxg4 Bxg4 28.f3 Bc8 29.f4 Bg4 30.Rf1 Re7
31.Nf3 Bxf3 32.Rxf3 Ra7 33.h5 Nd7 34.hxg6+ fxg6 35.Kg2 Qe8 36.Rf1 Qe7 37.Bb1 Ra8
38.Qd1 Ra1 39.f5 g5 40.Qh5 Nf6 41.Bxg5 Kg8 42.Bh4 Qf7 43.Qe2 Nh7 44.Qd2 Qf8
45.Rh1 Ra3 46.Qe3 Ra1 47.g4 Ra7 48.Bd3 Ra2+ 49.Kg3 Rb2 50.Be2 Rc2 51.Bd3 Rc3
52.Ra1 Rxb3 53.Ra7 Bf6 54.Bxf6 Qxf6 55.Ra8+ Nf8 56.Qe2 Qg5 57.Kh2 Kg7 58.Ra6 Qc1
59.Ra7+ Kf6 60.Ra2 Nh7 61.g5+ Qxg5 62.Ra6 Qh4+ 63.Kg2 Ng5 64.Rxd6+ Ke7 65.Rc6 Kd7
66.Qe3 Rb2+ 67.Be2 Qxe4+ 68.Qxe4 Nxe4 69.f6 Rxe2+ 70.Kf3 Ng5+  0-1

[Event "Arab Clubs 2013"]
[Site "Monastir TUN"]
[Date "2013.11.05"]
[Round "3.1"]
[White "Jamal,Danar"]
[Black "Amin,B"]
[Result "0-1"]
[WhiteElo "2070"]
[BlackElo "2652"]

1.e4 e5 2.Nf3 Nc6 3.Bb5 a6 4.Ba4 Nf6 5.O-O Be7 6.Re1 b5 7.Bb3 O-O 8.c3 d6
9.h3 Nb8 10.d4 Nbd7 11.Nbd2 Bb7 12.Bc2 Re8 13.Nf1 Bf8 14.Ng3 g6 15.Bg5 h6
16.Bd2 Bg7 17.dxe5 dxe5 18.Be3 Qe7 19.Qd2 Kh7 20.Rad1 Nc5 21.Bxc5 Qxc5 22.Qe3 Qe7
23.Rd2 Red8 24.Red1 Ne8 25.Rxd8 Rxd8 26.Rxd8 Qxd8 27.Qc5 f6 28.a4 Nd6 29.axb5 axb5
30.Nd2 Bf8 31.Nb3 h5 32.h4 Ba8 33.Qa7 Nc4 34.Nc5 Qc8 35.b3 Nb6 36.b4 Bc6
37.Bb3 Bd6 38.Be6 Qe8 39.Bb3 Qa8 40.Qxa8 Bxa8 41.Nd3 Na4 42.c4 bxc4 43.Bxc4 Bb7
44.b5 Nc3 45.f3 Bc8 46.Nf1 Bd7 47.Nd2 Nxb5 48.Nb3 Nc3 49.Nbc5 Bc6 50.Kf2 f5
51.exf5 gxf5 52.Ne6 Kg6 53.Nd8 Be8 54.Nb7 Kf6 55.Ke3 Bc6 56.Na5 Ba8 57.Nb3 Nd5+
58.Kf2 e4 59.Ndc5 e3+ 60.Ke2 Nf4+ 61.Kxe3 Nxg2+ 62.Kf2 Nxh4 63.Be2 Kg6 64.Nd3 Bd5
65.Nbc5 f4 66.Nd7 Be6 67.N7c5 Bf5 68.Nb3  0-1

[Event "Chennai WGM 2013"]
[Site "Chennai IND"]
[Date "2013.11.07"]
[Round "2.1"]
[White "Lasya,G"]
[Black "Guramishvili,S"]
[Result "1/2-1/2"]
[WhiteElo "2065"]
[BlackElo "2441"]

1.e4 e5 2.Nf3 Nc6 3.Bb5 a6 4.Ba4 Nf6 5.O-O Be7 6.Re1 b5 7.Bb3 d6 8.c3 O-O
9.h3 Nb8 10.d4 Nbd7 11.Bg5 Bb7 12.Nbd2 h6 13.Bh4 Re8 14.a4 exd4 15.Nxd4 Nxe4
16.Bxe7 Rxe7 17.Nf5 Re5 18.Nxh6+ gxh6 19.Nxe4 Bxe4 20.Qg4+ Kf8 21.Qf4 Nf6
22.Qxh6+ Ke7 23.Qf4 Qh8 24.f3 Rg8 25.Rxe4 Rxe4 26.fxe4 Qxh3 27.Qf2 Qh5 28.Rf1 Qg5
29.axb5 axb5 30.e5 dxe5 31.Qc5+ Kd8 32.Rd1+ Kc8 33.Qc6 Qe3+ 34.Kf1 Qf4+ 35.Kg1 Qe3+
36.Kf1 Qf4+ 37.Kg1 Qe3+  1/2-1/2

[Event "TCh-CRO II Liga 2013"]
[Site "Makarska CRO"]
[Date "2013.11.10"]
[Round "9.3"]
[White "Basic,I"]
[Black "Marinkovic,St"]
[Result "0-1"]
[WhiteElo "1976"]
[BlackElo "2247"]

1.e4 e5 2.Nf3 Nc6 3.Bb5 a6 4.Ba4 Nf6 5.O-O b5 6.Bb3 Be7 7.Re1 O-O 8.c3 d6
9.h3 Nb8 10.d4 Nbd7 11.Nbd2 Bb7 12.Bc2 Re8 13.Nf1 Bf8 14.Ng3 g6 15.Bg5 h6
16.Bd2 Bg7 17.a4 Nb6 18.axb5 axb5 19.b3 Bc6 20.d5 Bd7 21.Be3 Qb8 22.Qd2 Kh7
23.Bd3 Qb7 24.Qe2 c6 25.Bxb6 Qxb6 26.c4 b4 27.Qd2 Ra5 28.Ra2 Rea8 29.Rea1 c5
30.Qb2 Ng8 31.Nd2 R8a6 32.Ne2 h5 33.Rxa5 Rxa5 34.Rxa5 Qxa5 35.Nb1 Bh6 36.Kh2 Ne7
37.Kh1 Qa6 38.Kh2 Bg5 39.Ng1 f5 40.f3 h4 41.Ne2 Qa8 42.Kh1 fxe4 43.fxe4 Be3
44.Qc2 g5 45.Ng1 Kh6 46.Be2 Ng6 47.Bg4 Bxg4 48.hxg4 Qa1 49.Ne2 Bf4 50.Nxf4 exf4
51.Kh2 Qd4 52.Qe2 Ne5 53.Nd2 Qe3 54.Qd1 Qg3+ 55.Kg1 h3 56.Qe2 h2+ 57.Kh1 Nxg4
58.Qxg4 Qxg4 59.Nf3 Qh5 60.e5 g4  0-1

[Event "IX Chervonograd Cup A 2013"]
[Site "Chervonograd UKR"]
[Date "2013.11.12"]
[Round "2.3"]
[White "Punin,Andrii"]
[Black "Kigel,D"]
[Result "0-1"]
[WhiteElo "2231"]
[BlackElo "2310"]

1.e4 e5 2.Nf3 Nc6 3.Bb5 a6 4.Ba4 Nf6 5.O-O Be7 6.Re1 b5 7.Bb3 d6 8.c3 O-O
9.h3 Nb8 10.d4 Nbd7 11.Nbd2 Bb7 12.a4 c6 13.Bc2 Qc7 14.Bd3 Rfe8 15.Qc2 Nh5
16.b3 Nf4 17.Bf1 Rac8 18.Bb2 Bf6 19.g3 Ng6 20.c4 b4 21.Bg2 c5 22.d5 Rf8 23.Nf1 Rce8
24.Ne3 Bc8 25.Nf5 Ne7 26.Nh2 g6 27.Nxe7+ Rxe7 28.f4 exf4 29.gxf4 Bxb2 30.Qxb2 f6
31.Re2 g5 32.Ng4 gxf4 33.Nh6+ Kh8 34.Qd2 f3 35.Bxf3 Ne5 36.Bg2 Bxh3 37.Qf4 Rg7
38.Raa2 Rg6 39.Re3 Bc8 40.Nf5 Bxf5 41.Qxf5 Qg7 42.Rh3 Rg8 43.Qf1 Rh6 44.Kh1 Qg5
45.Rf2 Rgg6 46.Rf5 Rxh3+ 47.Bxh3 Qh6 48.Rf2 Rg3 49.Rh2 Nf3 50.Qf2 Rxh3 51.Qxf3 Rxh2+  0-1

[Event "1st Srefidensi Masters 2013"]
[Site "Paramaribo SUR"]
[Date "2013.11.21"]
[Round "2.1"]
[White "Aguero Jimenez,L"]
[Black "Sriram,J"]
[Result "1/2-1/2"]
[WhiteElo "2422"]
[BlackElo "2432"]

1.e4 e5 2.Nf3 Nc6 3.Bb5 a6 4.Ba4 Nf6 5.O-O Be7 6.Re1 b5 7.Bb3 d6 8.c3 O-O
9.h3 Nb8 10.d4 Nbd7 11.Nbd2 Bb7 12.Bc2 Re8 13.Nf1 Bf8 14.Ng3 g6 15.a4 Bg7
16.Bd3 c6 17.Be3 Qc7 18.Qd2 Nf8 19.b4 Ne6 20.Ng5 Nxg5 21.Bxg5 Nd7 22.dxe5 dxe5
23.Red1 Nf8  1/2-1/2

[Event "UT Dallas IM Inv 2013"]
[Site "Dallas USA"]
[Date "2013.11.23"]
[Round "3.1"]
[White "Safin,A"]
[Black "Getz,A"]
[Result "1/2-1/2"]
[WhiteElo "2251"]
[BlackElo "2344"]

1.e4 e5 2.Nf3 Nc6 3.Bb5 a6 4.Ba4 Nf6 5.O-O Be7 6.Re1 b5 7.Bb3 d6 8.c3 O-O
9.h3 Nb8 10.d4 Nbd7 11.Nbd2 Bb7 12.Bc2 Re8 13.Nf1 Bf8 14.Ng3 g6 15.b3 c6
16.a4 Qc7 17.Bb2 Nb6 18.axb5 cxb5 19.Bd3 Nfd7 20.Qd2 Bg7 21.h4 Rad8 22.h5 d5
23.hxg6 hxg6 24.Qg5 dxe4 25.Bxe4 exd4 26.Nxd4 Re5 27.Qh4 Bxe4 28.Rxe4 Rde8
29.Nf3 Rxe4 30.Nxe4 f5 31.Neg5 Nf8 32.Rxa6 Bxc3 33.Bxc3 Qxc3 34.g3 Qc5 35.b4 Qd6
36.Kg2 Ra8 37.Rxa8 Nxa8 38.Qd4 Qxd4 39.Nxd4 Nc7 40.g4 fxg4 41.Ne4 Nd5 42.Nxb5 Nxb4
43.Nf6+  1/2-1/2

[Event "XXVII Belgrade Trophy"]
[Site "Obrenovac SRB"]
[Date "2013.11.24"]
[Round "1.20"]
[White "Lukovic,V"]
[Black "Sarovski,N"]
[Result "1-0"]
[WhiteElo "2400"]
[BlackElo "1966"]

1.e4 e5 2.Nf3 Nc6 3.Bb5 a6 4.Ba4 Nf6 5.O-O Be7 6.Re1 b5 7.Bb3 d6 8.c3 O-O
9.h3 Nb8 10.d4 Nbd7 11.Nbd2 Bb7 12.Bc2 Re8 13.Nf1 Bf8 14.Ng3 g6 15.b3 c5
16.d5 Bg7 17.a4 Qe7 18.Qe2 b4 19.cxb4 cxb4 20.a5 Rec8 21.Ra4 Nc5 22.Rxb4 Rc7
23.Rc4 Rac8 24.b4 Ncd7 25.Rxc7 Rxc7 26.Bd3 Nb8 27.Be3 Qe8 28.Ra1 Nfd7 29.b5 Qc8
30.b6 Rc3 31.Bd2 Rb3 32.Bc4 Rb2 33.Qd3 f5 34.Qc3 Rxd2 35.Nxd2 Nc5 36.Nb3 Nbd7
37.Be2 f4 38.Nf1 Nxe4 39.Qxc8+ Bxc8 40.Bg4 Nef6 41.Bxd7 Nxd7 42.Rc1 Nc5 43.Nxc5 dxc5
44.Rxc5 Bb7 45.d6 Bf8 46.d7  1-0

[Event "St Louis Classic IM 2013"]
[Site "Saint Louis USA"]
[Date "2013.11.26"]
[Round "8.1"]
[White "Homa,S"]
[Black "Kavutskiy,K"]
[Result "0-1"]
[WhiteElo "2348"]
[BlackElo "2275"]

1.e4 e5 2.Nf3 Nc6 3.Bb5 a6 4.Ba4 Nf6 5.O-O Be7 6.Re1 b5 7.Bb3 d6 8.c3 O-O
9.h3 Nb8 10.d4 Nbd7 11.Nbd2 Bb7 12.Bc2 Re8 13.Nf1 Bf8 14.Ng3 g6 15.a4 c6
16.b3 Qc7 17.Bd3 Bg7 18.Qc2 Nf8 19.Ba3 Ne6 20.Bxd6 Qxd6 21.dxe5 Qc7 22.exf6 Bxf6
23.Rad1 Nf4 24.Bf1 Bg7 25.Rd2 Qa5 26.Rd7 Bc8 27.Rd6 Bxc3 28.Rc1 b4 29.Rxc6 Bb7
30.Rd6 Re7 31.Rcd1 Rae8 32.Qc1 Nh5 33.R6d5 Bxd5 34.Rxd5 Qb6 35.Nxh5 gxh5
36.Bd3 Bg7 37.a5 Qe6 38.Qf4 h6 39.g4 hxg4 40.hxg4 Qf6 41.Rf5 Qc3 42.Bc4 Rxe4
43.Bxf7+ Kh8 44.Qg3 Rf8 45.Bd5 Rxf5 46.gxf5 Re8 47.Bf7 Rd8 48.Kg2 Qc5 49.Be6 Qd6
50.Qg4 Qe7 51.Qc4 Rd6 52.Qc5 Kh7 53.Qc8 Qd8 54.Qb7 Qf6 55.Qxb4 Bf8 56.Qe4 Rd1
57.Ne5 Qg5+ 58.Ng4 Qh4 59.f6+ Kh8 60.Kf3 Qh1+ 61.Kf4 Bd6+ 62.Ne5 Qxe4+ 63.Kxe4 Re1+  0-1